| 000 | 00506nam a2200133Ia 4500 | ||
|---|---|---|---|
| 008 | 200902s9999 xx 000 0 und d | ||
| 020 | _a978-621-417-012-5 | ||
| 100 | _aBautista, Precila | ||
| 245 |
_cPrecila Bautista.-- _aSimplified approach to financial management : _b(Theories and practices) / |
||
| 260 |
_aManila : _bUnlimited Books Library Services & Publishing Inc. _c2018 |
||
| 300 |
_ax , 116 pages : _billustrations ; _c23 cm. |
||
| 650 | _aCorporations -- Finance | ||
| 650 | _aFinancial management | ||
| 999 |
_c363933 _d363933 |
||